Schnelle Mathematik - Multiplikation zur Basis 8 Level 02 - Statistiken

Allgemein
  • Dieses Quiz wurde 52 mal gespielt
  • Das Durchschnittsergebnis liegt bei 16 aus 20
Antwortstatistiken
Frage Antwort % Korrekt
0⋅1 0
100%
0⋅3 0
100%
1⋅1 1
100%
2⋅2 4
100%
3⋅2 6
93%
0⋅4 0
92%
3⋅0 0
92%
0⋅2 0
90%
4⋅0 0
90%
1⋅3 3
88%
1⋅0 0
83%
2⋅0 0
83%
2⋅1 2
83%
1⋅4 4
83%
4⋅1 4
82%
0⋅0 0
78%
1⋅2 2
78%
3⋅1 3
77%
2⋅3 6
75%
3⋅3 11
50%
4⋅4 20
50%
3⋅4 14
46%
4⋅2 10
40%
2⋅4 10
36%
4⋅3 14
33%
Keine übereinstimmenden Quizze gefunden
Verteilung der Resultate
Anzahl Personen mit jedem Resultat
Perzentil nach korrekt beantworteten Fragen
Ihre Resultats-Entwicklung
Sie haben dieses Quiz noch nicht gespielt